Gubbi shantesha virachita tontada siddheshvara purana (Record no. 214921)
[ view plain ]
| 000 -LEADER | |
|---|---|
| fixed length control field | 00766nam a2200217Ia 4500 |
| 003 - CONTROL NUMBER IDENTIFIER | |
| control field | OSt |
| 005 - DATE AND TIME OF LATEST TRANSACTION | |
| control field | 20251128110130.0 |
| 008 - FIXED-LENGTH DATA ELEMENTS--GENERAL INFORMATION | |
| fixed length control field | 210719s2005 xx 000 0 und d |
| 040 ## - CATALOGING SOURCE | |
| Transcribing agency | AL |
| 041 ## - LANGUAGE CODE | |
| Language code of text/sound track or separate title | Kannada |
| 082 ## - DEWEY DECIMAL CLASSIFICATION NUMBER | |
| Classification number | K894.1 MAHG |
| 100 ## - MAIN ENTRY--PERSONAL NAME | |
| Personal name | MAHADEVAPPA (C) |
| Dates associated with a name | ಮಹಾದೇವಪ್ಪ (ಸಿ) |
| 9 (RLIN) | 247090 |
| 245 ## - TITLE STATEMENT | |
| Title | Gubbi shantesha virachita tontada siddheshvara purana |
| Remainder of title | ಗುಬ್ಬಿ ಶಾಂತೇಶ ವಿರಚಿತ ತೋಂಟದ ಸಿದ್ಧೇಶ್ವರ ಪುರಾಣ |
| 260 ## - PUBLICATION, DISTRIBUTION, ETC. | |
| Place of publication, distribution, etc. | Bengaluru |
| Date of publication, distribution, etc. | 2005 |
| 300 ## - PHYSICAL DESCRIPTION | |
| Extent | v---304 |
| Other physical details | PB |
| 365 ## - TRADE PRICE | |
| Price amount | 150 |
| Currency code | Rs |
| 650 ## - SUBJECT ADDED ENTRY--TOPICAL TERM | |
| Topical term or geographic name entry element | Kannada literature |
| 9 (RLIN) | 247091 |
| 650 ## - SUBJECT ADDED ENTRY--TOPICAL TERM | |
| Topical term or geographic name entry element | Kannada Poetry |
| 9 (RLIN) | 247092 |
| 906 ## - LOCAL DATA ELEMENT F, LDF (RLIN) | |
| a | Gubbi ; purana ; shantesha ; siddheshvara ; tontada ; virachita |
| 942 ## - ADDED ENTRY ELEMENTS (KOHA) | |
| Source of classification or shelving scheme | Dewey Decimal Classification |
| Koha item type | Book |
| Withdrawn status | Lost status | Source of classification or shelving scheme | Damaged status | Not for loan | Collection code | Home library | Current library | Date acquired | Cost, normal purchase price | Total Checkouts | Full call number | Barcode | Date last seen | Price effective from | Koha item type |
|---|---|---|---|---|---|---|---|---|---|---|---|---|---|---|---|
| Dewey Decimal Classification | Kannada | St Aloysius Library | St Aloysius Library | 08/22/2008 | 150.00 | K894.1 MAHG | D03537 | 07/19/2021 | 07/19/2021 | Donated Books |